| 000 | 01050nam a2200337Ia 4500 | ||
|---|---|---|---|
| 001 | H6008 | ||
| 003 | IT-RoPAU | ||
| 008 | 130308s9999 xx 000 0 und d | ||
| 040 | _aIT-RoPAU | ||
| 040 | _cIT-RoPAU | ||
| 041 | _aITALIANO | ||
| 100 | _aBorofsky Robert | ||
| 100 | _gCodice Aut. SPICS: 58377 | ||
| 240 | _aASSENSING CULTURAL ANTHROPOLOGY | ||
| 240 | _gCodice Tit. Orig. Spics: T3527 | ||
| 245 | _aCultura in movimento (La) - Introduzione alla parte quinta | ||
| 245 | _bAntropologia Culturale Oggi (L') | ||
| 250 | _a1a ed. | ||
| 260 | _aROMA | ||
| 260 | _bMeltemi | ||
| 260 | _c2000 [1° Ed.:2000 - Ed.Ling.Originale:1994] | ||
| 300 | _a"10 p. (prefazione: no ; testo: 10 [pagine: 382-391])" | ||
| 500 | _aLa Dimensione della Diversità Individuale. La Dimensione del Tempo. La Dimensione Dello Spazio. Nota Alla parte Quinta. | ||
| 650 | _aANTROPOLOGIA | ||
| 650 | _eCodice materia Spics: 3501 | ||
| 700 | _aSobrero Alberto | ||
| 700 | _gCodice Aut. SPICS: 1160 | ||
| 942 | _cBK | ||
| 957 | _71 | ||
| 999 |
_c78736 _d78736 |
||
| 999 | _g1 | ||